[Event "CZE-ch Betsys Online Blitz"]
[Site "Chess.com INT"]
[Date "2021.04.17"]
[Round "6"]
[White "Mackova, Veronika"]
[Black "Danek, Pavel"]
[Result "0-1"]
[WhiteElo "1808"]
[BlackElo "1873"]
[PlyCount "88"]
[EventDate "2021.04.17"]
[EventType "swiss (blitz)"]
[EventRounds "13"]
[EventCountry "CZE"]
[SourceTitle "CBM 201 Extra"]
[Source "ChessBase"]
[SourceDate "2021.05.31"]
[SourceVersion "1"]
[SourceVersionDate "2021.05.31"]
[SourceQuality "1"]

1. e4 e6 2. d4 d5 3. e5 c5 4. c3 Qb6 5. Nf3 Bd7 6. Bd3 Bb5 7. 0-0 Bxd3 8. Qxd3 cxd4 9. Nxd4 Ne7 10. Na3 Nec6 11. Nab5 a6 12. Nxc6 Qxb5 13. Qxb5 axb5 14. Nxb8 Rxb8 15. Be3 b6 16. a4 bxa4 17. Rxa4 Bc5 18. Re1 0-0 19. Ra7 Rfc8 20. Rea1 Bxe3 21. fxe3 b5 22. Kf2 b4 23. Rc1 bxc3 24. bxc3 Rb2+ 25. Kf3 g6 26. Rd7 Rb3 27. e4 dxe4+ 28. Kxe4 Rbxc3 29. Rxc3 Rxc3 30. Rd8+ Kg7 31. Rd7 Rc2 32. Kf3 Rc1 33. h3 Rf1+ 34. Ke2 Rg1 35. Kf2 Rc1 36. Kf3 h5 37. g4 Rc3+ 38. Kf4 Rxh3 39. gxh5 Rxh5 40. Ra7 Rf5+ 41. Ke4 Rf1 42. Rc7 g5 43. Ke3 Kg6 44. Rc2 Kf5 0-1

[Event "CZE-ch Betsys Online Blitz"]
[Site "Chess.com INT"]
[Date "2021.04.17"]
[Round "1"]
[White "Mackova, Veronika"]
[Black "Krejcik, Jiri"]
[Result "0-1"]
[WhiteElo "1808"]
[BlackElo "2109"]
[PlyCount "62"]
[EventDate "2021.04.17"]
[EventType "swiss (blitz)"]
[EventRounds "13"]
[EventCountry "CZE"]
[SourceTitle "CBM 201 Extra"]
[Source "ChessBase"]
[SourceDate "2021.05.31"]
[SourceVersion "1"]
[SourceVersionDate "2021.05.31"]
[SourceQuality "1"]

1. e4 e5 2. f4 exf4 3. Nf3 d6 4. Bc4 g5 5. h3 Bg7 6. Nc3 h6 7. d4 c6 8. b3 Ne7 9. Bb2 Ng6 10. Qe2 Qe7 11. 0-0-0 b5 12. Bd3 a5 13. e5 d5 14. Bxg6 fxg6 15. Rhf1 0-0 16. Nh2 a4 17. bxa4 bxa4 18. Ng4 Ba6 19. Qf2 Bxf1 20. Rxf1 Nd7 21. Re1 Nb6 22. Nf6+ Bxf6 23. exf6 Qxf6 24. Qe2 Nc4 25. Qe6+ Kg7 26. Qe7+ Rf7 27. Qxf6+ Kxf6 28. Ne2 Nxb2 29. Kxb2 Rb7+ 30. Kc3 Re8 31. Kd2 Rbe7 0-1

[Event "CZE-ch Betsys Online Blitz"]
[Site "Chess.com INT"]
[Date "2021.04.17"]
[Round "10"]
[White "Mackova, Veronika"]
[Black "Sekyra, Vojtech"]
[Result "1-0"]
[WhiteElo "1808"]
[BlackElo "1018"]
[PlyCount "47"]
[EventDate "2021.04.17"]
[EventType "swiss (blitz)"]
[EventRounds "13"]
[EventCountry "CZE"]
[SourceTitle "CBM 201 Extra"]
[Source "ChessBase"]
[SourceDate "2021.05.31"]
[SourceVersion "1"]
[SourceVersionDate "2021.05.31"]
[SourceQuality "1"]

1. e4 e5 2. Nf3 Nc6 3. Bb5 d6 4. 0-0 Bd7 5. d4 exd4 6. Nxd4 Nxd4 7. Bxd7+ Qxd7 8. Qxd4 Nf6 9. Bg5 Be7 10. Nc3 0-0 11. Rad1 h6 12. Bf4 Nh5 13. e5 Nxf4 14. Qxf4 Rfe8 15. Rfe1 a6 16. Nd5 c6 17. Nb6 Bg5 18. Qg3 Qf5 19. Nxa8 Rxa8 20. exd6 Rd8 21. Qd3 Qf6 22. d7 Bh4 23. Re8+ Rxe8 24. dxe8Q# 1-0

[Event "CZE-ch Betsys Online Blitz"]
[Site "Chess.com INT"]
[Date "2021.04.17"]
[Round "11"]
[White "Macurek, Miloslav"]
[Black "Mackova, Veronika"]
[Result "0-1"]
[WhiteElo "1887"]
[BlackElo "1808"]
[PlyCount "92"]
[EventDate "2021.04.17"]
[EventType "swiss (blitz)"]
[EventRounds "13"]
[EventCountry "CZE"]
[SourceTitle "CBM 201 Extra"]
[Source "ChessBase"]
[SourceDate "2021.05.31"]
[SourceVersion "1"]
[SourceVersionDate "2021.05.31"]
[SourceQuality "1"]

1. e4 e5 2. Nf3 Nf6 3. Nc3 Nc6 4. d4 exd4 5. Nxd4 Bb4 6. Nxc6 bxc6 7. Bd3 d5 8. exd5 cxd5 9. Qe2+ Be6 10. 0-0 0-0 11. Bg5 c6 12. Qf3 Rb8 13. Bxf6 Qxf6 14. Qxf6 gxf6 15. Ne2 Bd6 16. b3 Be5 17. Rad1 c5 18. Ng3 Rfc8 19. Bf5 c4 20. Rd2 Bf4 21. Re2 Rb6 22. Rfe1 Rcc6 23. Bxe6 fxe6 24. Nh5 Be5 25. f4 Bd4+ 26. Kf1 Kf7 27. g4 Ra6 28. a4 cxb3 29. cxb3 Rab6 30. Rd1 Bc3 31. Rb1 Ba5 32. Ng3 Rc3 33. Kg2 Rcxb3 34. Rxb3 Rxb3 35. Ra2 Be1 36. h3 Bxg3 37. a5 Bxf4 38. a6 Bc7 39. Rc2 Bb6 40. Rc6 Ke7 41. h4 Ra3 42. h5 Rxa6 43. h6 Ra2+ 44. Kf3 Kd7 45. Rc1 Ra3+ 46. Kg2 Be3 0-1

[Event "Klatovy op 22nd"]
[Site "Klatovy"]
[Date "2016.07.05"]
[Round "4"]
[White "Palla, Rostislav"]
[Black "Mackova, Veronika"]
[Result "0-1"]
[WhiteElo "1736"]
[BlackElo "1902"]
[PlyCount "92"]
[EventDate "2016.07.02"]
[EventType "swiss"]
[EventRounds "9"]
[EventCountry "CZE"]
[SourceTitle "CBM 173 Extra"]
[Source "ChessBase"]
[SourceDate "2016.08.29"]
[SourceVersion "1"]
[SourceVersionDate "2016.08.29"]
[SourceQuality "1"]

1. e4 e5 2. Nf3 Nc6 3. Bb5 a6 4. Ba4 Nge7 5. 0-0 g6 6. c3 Bg7 7. d4 exd4 8. cxd4 0-0 9. d5 b5 10. Bc2 Na5 11. Nc3 c5 12. a3 d6 13. Rb1 Nc4 14. Ne2 Bg4 15. Nd2 Nb6 16. h3 Bd7 17. Ng3 f5 18. f3 Bd4+ 19. Kh1 Qc8 20. Ne2 Bg7 21. g4 Kh8 22. Ng3 Be5 23. Kg2 f4 24. Ne2 h5 25. Rh1 Rf7 26. b3 Kg8 27. Ng1 Rh7 28. Bb2 Bxb2 29. Rxb2 hxg4 30. hxg4 Rxh1 31. Kxh1 Qf8 32. Kg2 Qg7 33. Rb1 Kf7 34. Ne2 g5 35. Qg1 a5 36. Qf2 b4 37. a4 Ng6 38. Bd3 Ne5 39. Bc2 Rb8 40. Nf1 Qh6 41. Kg1 Rh8 42. Qg2 Bxg4 43. fxg4 f3 44. Qh2 Qxh2+ 45. Nxh2 fxe2 46. Re1 Rxh2 0-1

[Event "Prague Holiday K21"]
[Site "Prague"]
[Date "2015.07.26"]
[Round "2"]
[White "Mackova, Veronika"]
[Black "Dobias, Daniel"]
[Result "1-0"]
[WhiteElo "1701"]
[BlackElo "1781"]
[PlyCount "57"]
[EventDate "2015.07.26"]
[EventType "tourn"]
[EventRounds "9"]
[EventCountry "CZE"]
[SourceTitle "EXT 2017"]
[Source "ChessBase"]
[SourceDate "2016.10.25"]
[SourceVersion "1"]
[SourceVersionDate "2016.10.25"]
[SourceQuality "1"]

1. e4 d5 2. exd5 Qxd5 3. Nc3 Qd6 4. d4 Nf6 5. Nf3 a6 6. Bc4 g6 7. Ng5 e6 8. Nge4 Nxe4 9. Nxe4 Qb4+ 10. Nd2 Bg7 11. c3 Qe7 12. Nf3 b5 13. Bd3 Bb7 14. Be3 0-0 15. 0-0 Nd7 16. Re1 c5 17. dxc5 Nxc5 18. Be2 Qc7 19. Qc1 Rad8 20. c4 Nd3 21. Bxd3 Rxd3 22. cxb5 Qxc1 23. Raxc1 axb5 24. Rc7 Bxf3 25. gxf3 Bxb2 26. Rb1 Bd4 27. Rd7 e5 28. Rxb5 Kg7 29. Rbb7 1-0

[Event "CZE-chT U20 Extraliga final-B 1415"]
[Site "Czech Republic"]
[Date "2015.04.25"]
[Round "9.2"]
[White "Mackova, Veronika"]
[Black "Krajicek, Filip"]
[Result "1/2-1/2"]
[WhiteElo "1754"]
[BlackElo "1508"]
[PlyCount "120"]
[EventDate "2014.10.11"]
[EventType "team-tourn"]
[EventRounds "11"]
[EventCountry "CZE"]
[SourceTitle "EXT 2021"]
[Source "ChessBase"]
[SourceDate "2020.10.23"]
[SourceVersion "1"]
[SourceVersionDate "2020.10.23"]
[SourceQuality "1"]
[WhiteTeam "Praha Bohemians (U20)"]
[BlackTeam "Brno Lokomotiva (U20) II"]
[WhiteTeamCountry "CZE"]
[BlackTeamCountry "CZE"]

1. e4 c5 2. c3 d5 3. exd5 Qxd5 4. d4 Nc6 5. Be3 cxd4 6. cxd4 g6 7. Nc3 Qa5 8. Qb3 Nf6 9. Bc4 e6 10. Nge2 Bg7 11. 0-0 0-0 12. d5 exd5 13. Nxd5 Nxd5 14. Bxd5 Bxb2 15. Bxf7+ Rxf7 16. Qxb2 b6 17. Nc3 Bf5 18. a3 Ne5 19. Qb3 Rc8 20. Qb4 Qxb4 21. axb4 Rxc3 22. Bd4 Nf3+ 23. gxf3 Rc4 24. Be5 Rxb4 25. Rfd1 Rb5 26. Rd8+ Rf8 27. Rxf8+ Kxf8 28. Bd6+ Kf7 29. Rxa7+ Ke6 30. Bc7 Rb1+ 31. Kg2 Kd5 32. Bd8 h5 33. Rb7 b5 34. Be7 Kc6 35. Rb8 Kc7 36. Rf8 b4 37. Kg3 b3 38. Ba3 Ra1 39. Bb2 Ra2 40. Be5+ Kc6 41. Rb8 Re2 42. Kf4 Bc2 43. Bd4 Kd5 44. Be3 Kc4 45. Kg5 Kc3 46. Rc8+ Kb2 47. Bd4+ Kc1 48. Rb8 Bd1 49. Kxg6 b2 50. Bxb2+ Rxb2 51. Rxb2 Kxb2 52. f4 h4 53. f5 Kc3 54. f6 Bb3 55. f4 Kd4 56. Kg5 h3 57. Kg4 Ke4 58. Kg3 Be6 59. f5 Kxf5 60. Kxh3 Kxf6+ 1/2-1/2

[Event "CZE-chT U20 Extraliga West 1415"]
[Site "Czech Republic"]
[Date "2014.12.06"]
[Round "5.2"]
[White "Mackova, Veronika"]
[Black "Janska, Jitka"]
[Result "0-1"]
[WhiteElo "1754"]
[BlackElo "2077"]
[PlyCount "58"]
[EventDate "2014.10.11"]
[EventType "team-tourn"]
[EventRounds "11"]
[EventCountry "CZE"]
[SourceTitle "EXT 2021"]
[Source "ChessBase"]
[SourceDate "2020.10.23"]
[SourceVersion "1"]
[SourceVersionDate "2020.10.23"]
[SourceQuality "1"]
[WhiteTeam "Praha Bohemians (U20)"]
[BlackTeam "Klatovy (U20)"]
[WhiteTeamCountry "CZE"]
[BlackTeamCountry "CZE"]

1. d4 d5 2. c4 e6 3. Nc3 Nf6 4. Bg5 Be7 5. Nf3 h6 6. Bh4 0-0 7. e3 b6 8. Be2 Bb7 9. Rc1 c5 10. 0-0 Nbd7 11. Qc2 Rc8 12. Rfd1 Ne4 13. Bxe7 Qxe7 14. Nxe4 dxe4 15. Nd2 cxd4 16. exd4 f5 17. Qb3 Kh8 18. Nf1 Rfd8 19. Ng3 f4 20. Nh5 Qg5 21. Qh3 g6 22. Bg4 gxh5 23. Bxe6 Rc7 24. d5 Ne5 25. Kh1 Nd3 26. Rc2 Rxc4 27. Rcd2 Rd4 28. Kg1 Bxd5 29. Bxd5 R4xd5 0-1

[Event "CZE-ch U20 Girls"]
[Site "Frydek Mistek"]
[Date "2014.11.20"]
[Round "7"]
[White "Mackova, Veronika"]
[Black "Bierska, Adela"]
[Result "1-0"]
[WhiteElo "1754"]
[BlackElo "1622"]
[PlyCount "113"]
[EventDate "2014.11.16"]
[EventType "swiss"]
[EventRounds "9"]
[EventCountry "CZE"]
[SourceTitle "CBM 163 Extra"]
[Source "ChessBase"]
[SourceDate "2014.12.23"]
[SourceVersion "1"]
[SourceVersionDate "2014.12.23"]
[SourceQuality "1"]

1. d4 d5 2. c4 e6 3. Nc3 Nf6 4. Bg5 Be7 5. cxd5 exd5 6. Qc2 0-0 7. e3 b6 8. Bd3 h6 9. Bh4 Bb7 10. Nge2 Nbd7 11. f3 Re8 12. Bf2 c5 13. 0-0 Rc8 14. g4 Bd6 15. Kg2 Nf8 16. Rh1 Rc7 17. Nb5 c4 18. Bf5 g6 19. Nxd6 Qxd6 20. Bg3 Qe7 21. Bxc7 gxf5 22. Bf4 fxg4 23. Rag1 h5 24. h3 Ng6 25. Bg5 gxf3+ 26. Kxf3 Qe4+ 27. Qxe4 Nxe4 28. Nf4 Nxf4 29. Bxf4+ Kh7 30. Rg2 Rg8 31. Rxg8 Kxg8 32. Rg1+ Kh7 33. Be5 f6 34. Bg3 Bc8 35. Bb8 a6 36. h4 b5 37. Bc7 Bf5 38. Ba5 Bg6 39. Bb4 Kg7 40. Ra1 Be8 41. Rg1+ Kf7 42. Rc1 Bd7 43. Ra1 Bg4+ 44. Kg2 Bd7 45. Rc1 Kg6 46. b3 Kf5 47. Kf3 Be6 48. Ba5 Bd7 49. Bb4 Be6 50. Rg1 Bf7 51. Rg7 Be6 52. Ra7 Bc8 53. Rh7 Kg6 54. Rc7 Bg4+ 55. Kg2 Bd1 56. bxc4 dxc4 57. d5 1-0

[Event "CZE-ch U20 Girls"]
[Site "Frydek Mistek"]
[Date "2014.11.18"]
[Round "3"]
[White "Gresova, Zuzana"]
[Black "Mackova, Veronika"]
[Result "1-0"]
[WhiteElo "1830"]
[BlackElo "1754"]
[PlyCount "133"]
[EventDate "2014.11.16"]
[EventType "swiss"]
[EventRounds "9"]
[EventCountry "CZE"]
[SourceTitle "CBM 163 Extra"]
[Source "ChessBase"]
[SourceDate "2014.12.23"]
[SourceVersion "1"]
[SourceVersionDate "2014.12.23"]
[SourceQuality "1"]

1. e4 e5 2. Nf3 Nc6 3. d4 exd4 4. Nxd4 Nf6 5. Nxc6 bxc6 6. e5 Qe7 7. Qe2 Nd5 8. c4 Ba6 9. b3 g6 10. Bb2 Bg7 11. Nd2 0-0 12. g3 Rfe8 13. f4 Rad8 14. 0-0-0 Nb6 15. Qf3 d5 16. cxd5 Qc5+ 17. Kb1 Bxf1 18. Rhxf1 Nxd5 19. Nc4 Rb8 20. Rc1 Qb5 21. h4 a5 22. Rfd1 a4 23. Rd3 Bf8 24. Qd1 axb3 25. Rxb3 Qa6 26. a3 Ra8 27. h5 Red8 28. Qf3 Qa4 29. hxg6 hxg6 30. Nd2 Rdb8 31. Rc4 Rxb3 32. Qxb3 Qxb3 33. Nxb3 Bxa3 34. Rxc6 Bxb2 35. Kxb2 Rb8 36. Rc5 Ne7 37. Rxc7 Nf5 38. Rc3 Nd4 39. Rd3 Nxb3 40. Rxb3 Rd8 41. Kc2 Kg7 42. Rd3 Ra8 43. Kd2 Kh6 44. Ke3 Re8 45. Kf3 g5 46. Rd6+ Kg7 47. Rf6 gxf4 48. gxf4 Ra8 49. Ke4 Ra4+ 50. Kf5 Ra5 51. Rd6 Rb5 52. Ke4 Rb4+ 53. Rd4 Rb8 54. f5 Rh8 55. Rd7 Rh4+ 56. Kf3 Rh1 57. e6 Rf1+ 58. Ke4 Re1+ 59. Kd5 Rd1+ 60. Kc6 Rc1+ 61. Kb7 Rc5 62. Rxf7+ Kg8 63. f6 Re5 64. Rg7+ Kf8 65. e7+ Ke8 66. Rg8+ Kf7 67. Rf8+ 1-0

[Event "CZE-chT U20 Extraliga West 1415"]
[Site "Czech Republic"]
[Date "2014.10.12"]
[Round "3.2"]
[White "Mackova, Veronika"]
[Black "Zahalka, Jan"]
[Result "0-1"]
[WhiteElo "1754"]
[BlackElo "1878"]
[PlyCount "104"]
[EventDate "2014.10.11"]
[EventType "team-tourn"]
[EventRounds "11"]
[EventCountry "CZE"]
[SourceTitle "EXT 2021"]
[Source "ChessBase"]
[SourceDate "2020.10.23"]
[SourceVersion "1"]
[SourceVersionDate "2020.10.23"]
[SourceQuality "1"]
[WhiteTeam "Praha Bohemians (U20)"]
[BlackTeam "Hradec Kralove Ortex (U20)"]
[WhiteTeamCountry "CZE"]
[BlackTeamCountry "CZE"]

1. e4 c5 2. Nf3 d6 3. d4 cxd4 4. Nxd4 Nf6 5. Nc3 g6 6. f4 Nc6 7. Nb3 Bg7 8. Be2 0-0 9. Be3 a6 10. Bf3 Qc7 11. 0-0 Bd7 12. h3 b5 13. g4 b4 14. Ne2 Rfd8 15. Qe1 a5 16. Qf2 Rab8 17. f5 Ne5 18. g5 Ne8 19. Nbd4 Rdc8 20. Bg4 Qd8 21. Nc1 Nc7 22. Nd3 Qe8 23. Nxe5 Bxe5 24. h4 Qf8 25. Kg2 Rd8 26. Rh1 Nb5 27. h5 Nxd4 28. Bxd4 Bc6 29. Rae1 Qg7 30. f6 exf6 31. gxf6 Qh6 32. Be3 Bxe4+ 33. Bf3 Bxf3+ 34. Qxf3 g5 35. Ref1 Rbc8 36. Rh4 Qxf6 37. Qg4 Rxc2+ 38. Kg1 Qg7 39. Bxg5 Rdc8 40. Qe4 R2c4 41. Qf5 R4c5 42. Qg4 Bd4+ 43. Qxd4 Qxd4+ 44. Rxd4 Rxg5+ 45. Kh2 Rc2+ 46. Kh3 Rxb2 47. Kh4 h6 48. Rh1 Rxa2 49. Rxd6 Kg7 50. Rb6 Rb2 51. Rh3 a4 52. Ra6 a3 0-1

[Event "Prague Golden op 10th"]
[Site "Prague"]
[Date "2014.06.29"]
[Round "9"]
[White "Mackova, Veronika"]
[Black "Cabart, Pavel"]
[Result "1-0"]
[WhiteElo "1760"]
[BlackElo "1774"]
[PlyCount "55"]
[EventDate "2014.06.22"]
[EventType "swiss"]
[EventRounds "9"]
[EventCountry "CZE"]
[SourceTitle "CBM 161 Extra"]
[Source "ChessBase"]
[SourceDate "2014.08.29"]
[SourceVersion "1"]
[SourceVersionDate "2014.08.29"]
[SourceQuality "1"]

1. e4 c5 2. c3 d5 3. exd5 Qxd5 4. d4 g6 5. Be3 cxd4 6. cxd4 Bg7 7. Nc3 Qa5 8. Nf3 Nf6 9. Bb5+ Bd7 10. Qb3 0-0 11. 0-0 Bxb5 12. Nxb5 a6 13. Nc3 b5 14. Ne5 e6 15. Rfd1 Nbd7 16. Nc6 Qc7 17. d5 Nxd5 18. Nxd5 exd5 19. Ne7+ Kh8 20. Rac1 Qe5 21. Nxd5 Nf6 22. Bf4 Qe4 23. Bd6 Rfd8 24. Nc7 Rac8 25. Qxf7 Ng4 26. Ne6 Bxb2 27. Nxd8 Rxd8 28. Be5+ 1-0

[Event "Prague Golden op 10th"]
[Site "Prague"]
[Date "2014.06.25"]
[Round "5"]
[White "Engel, Tomas"]
[Black "Mackova, Veronika"]
[Result "0-1"]
[WhiteElo "1360"]
[BlackElo "1760"]
[PlyCount "84"]
[EventDate "2014.06.22"]
[EventType "swiss"]
[EventRounds "9"]
[EventCountry "CZE"]
[SourceTitle "CBM 161 Extra"]
[Source "ChessBase"]
[SourceDate "2014.08.29"]
[SourceVersion "1"]
[SourceVersionDate "2014.08.29"]
[SourceQuality "1"]

1. e4 c5 2. Nf3 d6 3. d4 cxd4 4. Nxd4 Nf6 5. Nc3 a6 6. f3 e6 7. Be3 Be7 8. Qd2 Qc7 9. 0-0-0 Nc6 10. g4 b5 11. h4 Nxd4 12. Bxd4 e5 13. Be3 Be6 14. h5 Rc8 15. Kb1 Nd7 16. g5 Nb6 17. Nd5 Bxd5 18. exd5 Nc4 19. Bxc4 bxc4 20. g6 Rb8 21. gxf7+ Kxf7 22. b3 a5 23. Qe1 a4 24. b4 c3 25. a3 Qc4 26. Ka1 Rxb4 27. Rb1 Rxb1+ 28. Qxb1 Qxd5 29. Rd1 Qc4 30. Rd3 d5 31. Qb7 d4 32. Qe4 Rb8 33. Qf5+ Kg8 34. Bc1 Qc5 35. Qe6+ Kh8 36. h6 gxh6 37. Rd1 Qb5 38. Qa2 Bg5 39. Bxg5 hxg5 40. Rb1 Qxb1+ 41. Qxb1 Rxb1+ 42. Kxb1 h5 0-1

[Event "CZE-chTB U20 1314"]
[Site "Czech Republic"]
[Date "2014.04.25"]
[Round "8.3"]
[White "Sramek, Ondrej"]
[Black "Mackova, Veronika"]
[Result "1-0"]
[WhiteElo "1771"]
[BlackElo "1760"]
[PlyCount "79"]
[EventDate "2013.10.12"]
[EventType "team-tourn"]
[EventRounds "11"]
[EventCountry "CZE"]
[SourceTitle "EXT 2015"]
[Source "ChessBase"]
[SourceDate "2014.11.20"]
[SourceVersion "1"]
[SourceVersionDate "2014.11.20"]
[SourceQuality "1"]
[WhiteTeam "Orlova Slavia (U20) II"]
[BlackTeam "Praha Bohemians (U20)"]
[WhiteTeamCountry "CZE"]
[BlackTeamCountry "CZE"]

1. e4 e5 2. Nf3 Nf6 3. Nxe5 d6 4. Nf3 Nxe4 5. d3 Nf6 6. d4 d5 7. Bd3 Nc6 8. c3 Bg4 9. Bg5 Be7 10. Nbd2 h6 11. Bh4 Qd7 12. 0-0 g5 13. Bg3 0-0-0 14. Qc2 Kb8 15. h3 Be6 16. a4 Nh5 17. Ne5 Nxe5 18. Bxe5 f6 19. Bb5 Qc8 20. Bh2 f5 21. Rfe1 Nf4 22. Nf3 Rdg8 23. Ne5 a6 24. Bxa6 Bd6 25. Qb3 Ka8 26. Bf1 Rg7 27. a5 Bxe5 28. Rxe5 Ng6 29. a6 b6 30. a7 f4 31. Ree1 Ne7 32. g3 f3 33. g4 Rf8 34. Bxc7 Qxc7 35. Rxe6 Rg6 36. Rxg6 Nxg6 37. Qxd5+ Qb7 38. Qxb7+ Kxb7 39. Bd3 Nf4 40. Be4+ 1-0

[Event "CZE-ch U16 Girls"]
[Site "Kouty nad Desnou"]
[Date "2014.03.14"]
[Round "8"]
[White "Janska, Jitka"]
[Black "Mackova, Veronika"]
[Result "1/2-1/2"]
[WhiteElo "1954"]
[BlackElo "1747"]
[PlyCount "99"]
[EventDate "2014.03.08"]
[EventType "swiss"]
[EventRounds "9"]
[EventCountry "CZE"]
[SourceTitle "EXT 2015"]
[Source "ChessBase"]
[SourceDate "2014.11.20"]
[SourceVersion "1"]
[SourceVersionDate "2014.11.20"]
[SourceQuality "1"]

1. e4 e5 2. Nf3 Nc6 3. Bc4 Nf6 4. d3 Be7 5. 0-0 0-0 6. Re1 d6 7. c3 Na5 8. Bb5 a6 9. Ba4 b5 10. Bc2 c5 11. h3 Qc7 12. Nbd2 Re8 13. Nf1 Bf8 14. Bg5 Nd7 15. Ne3 Nb6 16. Nh2 Be7 17. Qh5 Bxg5 18. Qxg5 Qe7 19. Qg3 Nc6 20. a4 Be6 21. a5 Nd7 22. Nd5 Bxd5 23. exd5 Nd8 24. f4 Nf6 25. fxe5 dxe5 26. Nf3 Nb7 27. Rxe5 Qd6 28. Rae1 Rxe5 29. Qxe5 h6 30. d4 cxd4 31. Nxd4 Qxe5 32. Rxe5 Nxa5 33. Bb3 Kf8 34. Ba2 Nd7 35. Re1 Re8 36. Rxe8+ Kxe8 37. Nf5 Nb6 38. Nxg7+ Kd7 39. Nf5 h5 40. Kf2 Nac4 41. b3 Ne5 42. Ke3 Nxd5+ 43. Kd4 Ke6 44. Ng7+ Kd6 45. Nxh5 Nc6+ 46. Kd3 Ne5+ 47. Kd2 a5 48. Ng3 Nf4 49. Nf5+ Kc5 50. Ne3 1/2-1/2

[Event "CZE-ch U16 Girls"]
[Site "Kouty nad Desnou"]
[Date "2014.03.10"]
[Round "3"]
[White "Fuskova, Martina"]
[Black "Mackova, Veronika"]
[Result "1-0"]
[WhiteElo "1942"]
[BlackElo "1747"]
[PlyCount "47"]
[EventDate "2014.03.08"]
[EventType "swiss"]
[EventRounds "9"]
[EventCountry "CZE"]
[SourceTitle "EXT 2015"]
[Source "ChessBase"]
[SourceDate "2014.11.20"]
[SourceVersion "1"]
[SourceVersionDate "2014.11.20"]
[SourceQuality "1"]

1. e4 e5 2. Nf3 Nc6 3. Bc4 Nf6 4. d4 exd4 5. e5 Ne4 6. Bd5 Bb4+ 7. Nbd2 Ng5 8. 0-0 Bxd2 9. Bxd2 Nxf3+ 10. Qxf3 0-0 11. Rfe1 Ne7 12. Bg5 c6 13. Be4 Qe8 14. Rad1 Ng6 15. Bd3 b6 16. h4 d5 17. exd6 Qd7 18. h5 Qg4 19. hxg6 Qxg5 20. gxf7+ Kh8 21. Re8 Bb7 22. Rxa8 Bxa8 23. Re1 Qd8 24. Qe4 1-0

[Event "CZE-chTW U20 1314"]
[Site "Czech Republic"]
[Date "2013.10.13"]
[Round "3.2"]
[White "Mackova, Veronika"]
[Black "Kratochvil, Vit"]
[Result "0-1"]
[WhiteElo "1760"]
[BlackElo "2040"]
[PlyCount "52"]
[EventDate "2013.10.12"]
[EventType "team-tourn"]
[EventRounds "11"]
[EventCountry "CZE"]
[SourceTitle "EXT 2015"]
[Source "ChessBase"]
[SourceDate "2014.11.20"]
[SourceVersion "1"]
[SourceVersionDate "2014.11.20"]
[SourceQuality "1"]
[WhiteTeam "Praha Bohemians (U20)"]
[BlackTeam "Vlasim (U20)"]
[WhiteTeamCountry "CZE"]
[BlackTeamCountry "CZE"]

1. e4 c5 2. Nf3 d6 3. d4 cxd4 4. Nxd4 Nf6 5. Nc3 g6 6. f4 Nbd7 7. Bc4 Bg7 8. Be3 0-0 9. 0-0 Nc5 10. f5 Ncxe4 11. Nxe4 Nxe4 12. fxg6 hxg6 13. Qf3 d5 14. Rae1 e5 15. Bxd5 Qxd5 16. c4 Qxc4 17. Qxe4 exd4 18. Qh4 Be6 19. Bh6 d3 20. Re4 Qc5+ 21. Be3 Qd5 22. Rd4 Qh5 23. Qxh5 gxh5 24. Rf3 Bxd4 25. Bxd4 Kh7 26. Be3 Rad8 0-1

[Event "CZE-ch U16 Girls"]
[Site "Kouty nad Desnou"]
[Date "2013.03.16"]
[Round "9"]
[White "Mackova, Veronika"]
[Black "Suchomelova, Simona"]
[Result "1/2-1/2"]
[WhiteElo "1707"]
[BlackElo "1749"]
[PlyCount "86"]
[EventDate "2013.03.09"]
[EventType "swiss"]
[EventRounds "9"]
[EventCountry "CZE"]
[SourceTitle "EXT 2015"]
[Source "ChessBase"]
[SourceDate "2014.11.20"]
[SourceVersion "1"]
[SourceVersionDate "2014.11.20"]
[SourceQuality "1"]

1. c4 e5 2. Nc3 Nf6 3. g3 d5 4. cxd5 Nxd5 5. Bg2 Nb6 6. Nf3 Nc6 7. d3 Be7 8. 0-0 0-0 9. b3 Be6 10. h3 f6 11. Bb2 a6 12. Rc1 Qd7 13. Kh2 Bd6 14. Ne4 Qe7 15. d4 exd4 16. Nxd6 Qxd6 17. Nxd4 Nxd4 18. Bxd4 Rfd8 19. Be3 Nd5 20. Bc5 Qd7 21. Qc2 b6 22. Ba3 c5 23. Rfd1 Qf7 24. Rd3 Rd7 25. b4 cxb4 26. Bxd5 Bxd5 27. Bxb4 Rad8 28. Qc8 Qe8 29. Qxa6 Qe4 30. Rxd5 Rxd5 31. Qxb6 Qd4 32. Bc5 Qd2 33. Qe6+ Kh8 34. Be3 Re5 35. Qc6 Qxa2 36. Rc2 Qd5 37. Qc7 Rxe3 38. fxe3 h6 39. Qc3 Re8 40. Rd2 Qf5 41. e4 Qf2+ 42. Kh1 Qf1+ 43. Kh2 Qf2+ 1/2-1/2